LEADER 01261nam a2200277 4500 001 000000349138 003 CaOOAMICUS 005 20220118122216.0 008 220118s2021 it 000 u ita r 020 $a978-88-8071-256-5 040 $aSeMil$bita 245 04$aUno sguardo diverso su Dio :$bla Teologia delle donne /$cMaria Soave Buscemi ? [et al.] ; a cura di Paolo Cugini. 264 1$aReggio Emilia :$bEdizioni San Lorenzo,$c2021. 300 $a159 p. ;$c21 cm 490 1 $aCammini diversi 650 4$aDonna - Teologia.$0(OLS)http://semarc/subject/3890 650 4$aTeologia femminista.$0(OLS)http://semarc/subject/7872 700 1 $aBuscemi, Maria Soave.$0(OLS)http://semarc/name/115305 700 1 $aCugini, Paolo,$d<1962- >.$0(OLS)http://semarc/name/112601 830 0$aCammini diversi.$0(OLS)http://semarc/title/438665 850 $aSeMil 852 $aSeMil$W1$xVenegono$y1$m2E II 558$j231378$B240211$CSeMilBibl$Z2$F240211 $81 996 $6020$a978-88-8071-256-5$9(OLS)http://semarc/number/295069 996 $6245$aUno sguardo diverso su Dio :$bla Teologia delle donne$9(OLS)http://semarc/title/438664 996 $6264$aReggio Emilia :$bEdizioni San Lorenzo$9(OLS)http://semarc/publisher/33336 LEADER 01498nam a2200301 i 4500 001 000000076461 003 CaOOAMICUS 005 20010309000000.0 008 010309s2000 it u000 u spa u 013 $a47633 020 $a88-7652-852-0 040 $aSeMil$bita 100 1 $aBarriocanal Gómez, José Luis <1962- >.$0(OLS)http://semarc/name/37682 245 13$aLa relectura de la tradición del éxodo en el libro de Amós /$cJosé Luis Barriocanal Gómez. 250 $aRiproduzione anastatica. 260 $aRoma :$bPontificia Università Gregoriana,$c2000. 300 $a327 p. :$btabelle ;$c24 cm. 490 0 $aTesi Gregoriana. Serie Teologia ;$v58 500 $aContiene : Apéndices : Bibliografía. Non si determina l'ed. orig. di cui la presente è facsimile. 650 4$aEsodo - Concezione biblica.$0(OLS)http://semarc/subject/11162 650 4$aBibbia. Antico Testamento. Amos - Commentari, studi, critica, interpretazioni.$0(OLS)http://semarc/subject/9097 830 0$aTesi Gregoriana. Serie Teologia ;$v58.$0(OLS)http://semarc/title/351 850 $aSeMil 852 $aSeMil$W1$xVenegono$y1$m2M VI 158$j42613$B42613$CSeMilBibl$Z2$F42617 $81 961 $aSottoscrizione: Città Nuova 996 $6020$a88-7652-852-0$9(OLS)http://semarc/number/57337 996 $6245$aLa relectura de la tradición del éxodo en el libro de Amós$9(OLS)http://semarc/title/123948 996 $6260$aRoma :$bPontificia Università Gregoriana$9(OLS)http://semarc/publisher/29750